Guessing the Taylor Swift Song 12 - Statistics

General Stats
  • This quiz has been taken 31 times
  • The average score is 236 of 360
Answer Stats
Answer % Correct
I
100%
you
100%
you,
100%
You
100%
your
100%
a
96%
in
96%
In
96%
It's
96%
the
96%
to
96%
and
92%
And
92%
I'm
92%
me
92%
of
92%
But
88%
just
88%
like
88%
Like
88%
my
88%
night
88%
when
88%
When
88%
you're
88%
all
84%
be
84%
can't
84%
out
84%
that
80%
this
80%
up
80%
middle
76%
Say
76%
by
72%
we'll
72%
why
72%
dream
68%
know
68%
you'd
68%
feel
60%
now
60%
Now
60%
oh
60%
oh,
60%
tell
60%
gotta
52%
side
52%
than
52%
day
48%
here
48%
little
48%
Little
48%
million
48%
heaven
44%
name
44%
name,
44%
together
44%
stars
40%
taste
40%
from
36%
spelling
36%
Spelling
36%
Untouchable
36%
untouchable
36%
won't
36%
caught
32%
close
32%
coming
32%
undone
32%
brighter
28%
burning
28%
sun
28%
wait
28%
waking
28%
wanna
28%
distant
24%
next
24%
sky
24%
anyway
20%
diamond
20%
full
20%
saying
20%
standing
20%
half
16%
reaching
16%
c'mon
12%
C'mon
12%
c'mon...
12%
c'mon,
12%
No matching quizzes found
Score Distribution
Percent of People with Each Score
Percentile by Number Answered
Your Score History
You have not taken this quiz